| 000 | 01043cab a2200301 4500 | ||
|---|---|---|---|
| 001 | ABS58718 | ||
| 008 | 090401t1998 xxu||||| |||| 00| 0 eng d | ||
| 035 | _a(Sirsi) u86653 | ||
| 041 | _aeng | ||
| 100 | _aBaum, A. | ||
| 245 | 4 | _aThe contribution of upward-only rent reviews to the capital value of UK property | |
| 260 | _c1998 | ||
| 350 | _a0 | ||
| 490 |
_aJournal of Property Research _v15(2) June 1998, 105-120(15) |
||
| 520 | _aIdentifies the likely level of change in commercial property investment yields following the removal of upward-only rent reviews. Accounts for current leasing structures and valuation methods to present statistics. | ||
| 650 | _aASSET VALUES | ||
| 650 | _aINSTITUTIONAL INVESTMENT | ||
| 650 | _aINVESTMENT MARKET | ||
| 650 | _aINVESTMENT YIELDS | ||
| 650 | _aRATCHET RENTS | ||
| 650 | _aRISK ANALYSIS | ||
| 650 | _aUPWARD ONLY RENT REVIEWS | ||
| 690 | _aPROPERTY-PROPERTY FINANCE AND INVESTMENT | ||
| 700 | _aMurdoch, S. | ||
| 700 | _aCrosby, N. | ||
| 942 | _n0 | ||
| 948 | _c08/06/1998 | ||
| 999 |
_c54567 _d54567 |
||